000
00385nam a22001217a 4500
040
_c
HS
082
_a
362
100
_a
វង្ស អែមសំអាន
245
_a
របៀបបង្កើតសំនួរក្នុងការអង្កេតបញ្ហាសង្គម
260
_a
RUA
_b
វង្ស អែមសំអាន
_c
1999
300
_a
79p;
942
_c
KB
999
_c
9329
_d
9329